Statistics for Pokémon names with special characteres and blank spaces

Click here to take the quiz!

General Stats

  • This quiz has been taken 46 times
    (30 since last reset)
  • The average score is 12 of 18

Answer Stats

HintAnswer% Correct
Female Symbol | Male SymbolNidoran
100%
ApostropheFarfetch'd
90%
NumberPorygon2
70%
HyphenPorygon-Z
70%
ApostropheSirfetch'd
65%
HyphenJangmo-o
65%
HyphenKommo-o
65%
Point and Blank SpaceMr. Rime
60%
Point and Blank SpaceMr. Mime
60%
Blank Space and PointMime Jr.
60%
HyphenHakamo-o
60%
Blank SpaceTapu Fini
55%
Blank SpaceTapu Lele
55%
HyphenHo-Oh
50%
Blank SpaceTapu Bulu
50%
Blank SpaceTapu Koko
50%
Double Point and Blank SpaceType: Null
50%

Score Distribution

Percentile by Number Answered

Percent of People with Each Score

Your Score History

You have not taken this quiz since the last reset